| 000 | 01039nam a22003257a 4500 | ||
|---|---|---|---|
| 003 | CHAP | ||
| 005 | 20220817044525.0 | ||
| 008 | 010323d it rn 00010 spa d | ||
| 010 | _a103245 | ||
| 011 | _a104217 | ||
| 035 | _a114907 | ||
| 040 | _cCHAP | ||
| 082 | 0 | 4 |
_a333.79 _bF21y |
| 110 | 2 | _aFAO | |
| 245 | 1 | 0 |
_aEnergy-smart food for people and climate. Issue paper _c/por Ralph E.H. Sims |
| 260 |
_aRoma : _bFAO, _c2011 |
||
| 300 |
_avi, 66 p. : _bilus., diagramas, gráfs., tablas |
||
| 590 |
_aBATCH-UPD _b10 _c20130110 _lUCH01 _h1636 |
||
| 590 |
_aBATCH-UPD _b10 _c20130410 _lUCH01 _h1028 |
||
| 590 |
_aBATCH-UPD _b10 _c20130914 _lUCH01 _h0226 |
||
| 590 |
_aCONVERSION _b10 _c20130109 _lUCH01 _h1357 |
||
| 650 | 1 | 4 |
_aAlimentos _xAbastecimiento. |
| 650 | 1 | 4 |
_aCambio climático. _917781 |
| 650 | 1 | 4 |
_aEnergía renovable. _936910 |
| 650 | 1 | 4 |
_aEnergía _xConsumo. _936884 |
| 700 | 1 |
_aSims, Ralph E.H. _9106519 |
|
| 901 | _aBK | ||
| 942 | _cLIBRO | ||
| 949 |
_a333.79 F21y _bBC _cFAO _d33724002328264 _eFAO1 _gDonaciØn _h116679 _i114907 _sb |
||
| 999 |
_c103245 _d103245 |
||